| 000 | 00408nam a2200133Ia 4500 | ||
|---|---|---|---|
| 008 | 151015s9999 xx 000 0 und d | ||
| 020 | _a582058856 | ||
| 050 | _aPB36.C551981 | ||
| 245 | _aJohnson Keith | ||
| 250 | _a_Communication in the Classroom Applications and Methods for a Communicative Approach | ||
| 300 | _aUSA Longman Group 1981 | ||
| 650 | _a_Applications | ||
| 700 | _a^d20110420 10:56:32^okorir | ||
| 999 |
_c633 _d633 |
||